000
00222nam a22000977a 4500
999
_c
4336
_d
4336
008
250206b ||||| |||| 00| 0 eng d
020
_a
9781409309284
082
_a
823.92
245
_a
THE TOOTH FAIRY
_b
PEPPA PIG
942
_2
ddc